[Event "Airthings Masters - Torneo Preliminare"]
[Site "Internet"]
[Date "03.02.2023"]
[Round "1"]
[White "Pranav, V"]
[Black "Gascon Del Nogal, Jose Rafael"]
[Result "1/2-1/2"]
[WhiteTitle ""]
[BlackTitle ""]
[WhiteElo "2545"]
[BlackElo "2460"]
[WhiteFideId "25060783"]
[BlackFideId "3902463"]
[EventDate "2023.02.03"]

1. e4 c5 2. Nf3 d6 3. d4 cxd4 4. Nxd4 Nf6 5. Nc3 Nc6 6. Bc4 e6 7. Be3 Bd7 8. Qe2
Rc8 9. O-O-O Ne5 10. Bb3 Rxc3 11. bxc3 Nxe4 12. Bd2 d5 13. f3 Ba3+ 14. Kb1 Nxd2+
15. Qxd2 O-O 16. Rhe1 Qc7 17. f4 Ng4 18. f5 Nf2 19. f6 Rc8 20. Nxe6 fxe6 21.
Qxf2 Qxc3 22. f7+ Kf8 23. Qd4 Kxf7 24. Rf1+ Kg8 25. Rf3 Qxd4 26. Rxd4 b5 27.
Rxd5 exd5 28. Bxd5+ Kh8 29. Rxa3 Bf5 30. Bb3 Rc7 31. Ra5 Bd7 32. Kb2 g6 33. Ra6
Kg7 34. g3 g5 35. c3 h6 36. Bd5 Be8 37. Kb3 Re7 38. Kb4 h5 39. Re6 Rxe6 40. Bxe6
Kf6 41. Bc8 Ke5 42. Ba6 Ke4 43. Bxb5 Bf7 44. Bc6+ Ke3 45. a4 Kf2 46. c4 g4 47.
c5 Kg1 48. Bd7 Bd5 49. Be8 Kxh2 50. Bxh5 Kxg3 51. Kb5 Kf4 52. Bxg4 Kxg4 53. Ka6
Kf5 54. Kxa7 Ke6 55. Kb6 Kd7 56. a5 Ba8 57. Ka7 Bc6 58. Kb6 Bd5 59. a6 Ba8 60.
Ka7 Bc6 61. Kb8 Bd5 62. a7 Bc6 63. a8=B Bxa8 64. Kxa8 Kc6 65. Ka7 Kxc5 1/2-1/2

[Event "Airthings Masters - Torneo Preliminare"]
[Site "Internet"]
[Date "03.02.2023"]
[Round "1"]
[White "Indjic, Aleksandar"]
[Black "Sadhwani, Raunak"]
[Result "1/2-1/2"]
[WhiteTitle ""]
[BlackTitle ""]
[WhiteElo "2641"]
[BlackElo "2627"]
[WhiteFideId "911925"]
[BlackFideId "35093487"]
[EventDate "2023.02.03"]

1. d4 Nf6 2. c4 e6 3. Nc3 Bb4 4. Qc2 Nc6 5. e3 O-O 6. Ne2 e5 7. d5 Nb8 8. a3
Bxc3+ 9. Nxc3 a5 10. e4 Na6 11. Be2 d6 12. Rb1 c6 13. O-O Bd7 14. b4 axb4 15.
axb4 cxd5 16. cxd5 Rc8 17. Bd2 Bg4 18. Bd3 Nh5 19. Be3 Nf4 20. f3 Nxd3 21. Qxd3
Bd7 22. Rfc1 Qe7 23. Rc2 h6 24. Ra2 f5 25. exf5 Bxf5 26. Ne4 Qc7 27. Rbb2 Ra8
28. Ra3 Bxe4 29. fxe4 Rac8 30. h3 Qc4 31. Qb1 Nc7 32. Rc2 Qxe4 33. Qc1 Rf7 34.
Kh2 Kh7 35. Rc4 Qf5 36. Rac3 Nxd5 37. Rxc8 Nxc3 38. Rxc3 d5 39. Rc5 Qe4 40. Qd2
d4 41. Bf2 Rf5 42. Bg3 Rg5 43. h4 Rf5 44. Qe1 Qxe1 45. Bxe1 Kg6 46. Rb5 e4 47.
Rb6+ Rf6 48. Rxb7 Rf1 49. Bg3 e3 50. Rd7 Rd1 51. Be5 e2 52. g4 Rh1+ 53. Kg2 Rg1+
54. Kf3 Rxg4 55. Kxe2 Re4+ 56. Kd3 Rxe5 57. Rxd4 Kh5 58. Kc4 g5 59. hxg5 hxg5
60. b5 Re8 61. b6 g4 62. Kb5 g3 63. b7 g2 64. Rd1 Kg4 65. Kb6 Rb8 66. Kc7 Rxb7+
67. Kxb7 Kf3 68. Rg1 Kf2 69. Rxg2+ Kxg2 1/2-1/2

[Event "Airthings Masters - Torneo Preliminare"]
[Site "Internet"]
[Date "03.02.2023"]
[Round "1"]
[White "Pap, Gyula"]
[Black "Theodorou, Nikolas"]
[Result "0-1"]
[WhiteTitle ""]
[BlackTitle ""]
[WhiteElo "2429"]
[BlackElo "2584"]
[WhiteFideId "725323"]
[BlackFideId "4262875"]
[EventDate "2023.02.03"]

1. e4 c5 2. Nf3 Nc6 3. d4 cxd4 4. Nxd4 Nf6 5. Nc3 e5 6. Ndb5 d6 7. Bg5 a6 8. Na3
b5 9. Nd5 Be7 10. Nxe7 Qxe7 11. c4 b4 12. Nc2 O-O 13. Be2 h6 14. Be3 Be6 15. f3
a5 16. b3 Nd7 17. O-O Nc5 18. Qd2 Rfd8 19. Bf2 Qb7 20. Rfb1 a4 21. bxa4 Rxa4 22.
Kh1 Qb6 23. h3 Qa5 24. Bd1 Rxa2 25. Be1 b3 26. Qxa5 Nxa5 27. Bxa5 Ra8 28. Rxb3
R8xa5 29. Rxa2 Rxa2 30. Rc3 Na4 31. Ra3 Bxc4 32. Rxa2 Bxa2 33. Nb4 Nc3 34. Bc2
Bc4 35. Kg1 Kf8 36. Bd3 Be6 37. Kf2 Ke7 38. h4 Na4 39. Nc2 Nc5 40. Be2 f5 41.
exf5 Bxf5 42. Ne3 Be6 43. Bc4 Bxc4 44. Nxc4 Ke6 45. g4 d5 46. Ne3 g6 47. h5 gxh5
48. gxh5 Nd3+ 49. Kg3 Nf4 50. Kg4 d4 51. Nc4 d3 52. Nd2 Kd5 53. Kf5 Nxh5 54. Kg6
Ng3 55. Kxh6 Kd4 56. Kg5 Kc3 57. Nb1+ Kc2 58. Na3+ Kb2 59. Nc4+ Kc3 60. Ne3 d2
61. Kf6 Kd3 62. Nd1 e4 63. fxe4 Nxe4+ 64. Kf5 Ke2 65. Nb2 Nc3 66. Kf4 Nd5+ 67.
Ke4 Nb6 68. Kf4 Nc4 69. Na4 Kd3 70. Nc5+ Kc2 71. Ne4 d1=Q 0-1

[Event "Airthings Masters - Torneo Preliminare"]
[Site "Internet"]
[Date "03.02.2023"]
[Round "1"]
[White "Drygalov, Sergey"]
[Black "Yoo, Christopher Woojin"]
[Result "0-1"]
[WhiteTitle ""]
[BlackTitle ""]
[WhiteElo "2547"]
[BlackElo "2589"]
[WhiteFideId "24171743"]
[BlackFideId "30909694"]
[EventDate "2023.02.03"]

1. d4 Nf6 2. c4 e6 3. Nf3 d5 4. Nc3 Bb4 5. Qa4+ Nc6 6. e3 O-O 7. Qc2 Re8 8. Bd2
Bf8 9. a3 a6 10. h3 h6 11. Be2 dxc4 12. Bxc4 e5 13. d5 Na5 14. Ba2 b6 15. e4 Nb7
16. O-O Nd6 17. Rfe1 Bb7 18. Rad1 b5 19. Be3 a5 20. Bc5 Ba6 21. b4 Nd7 22. Ne2
axb4 23. axb4 Nc4 24. Bxf8 Rxf8 25. Bxc4 bxc4 26. Nc3 Qe7 27. Rb1 Nb6 28. b5 Bc8
29. Ra1 Bd7 30. Ra6 Qc5 31. Qb2 f6 32. Rea1 Rfb8 33. Nd2 Bc8 34. Rxa8 Rxa8 35.
Rxa8 Nxa8 36. Qa2 Nb6 37. Qa7 Kh7 38. Ndb1 f5 39. Qa2 fxe4 40. Qe2 Bf5 41. Nd2
Nxd5 42. Nxd5 Qxd5 43. Nxc4 Qd3 44. Qxd3 exd3 45. f3 Bd7 46. Kf2 Bxb5 47. Nd2
Kg6 48. Ke3 Kf5 49. g4+ Ke6 50. Ke4 c5 51. Nb1 c4 52. Nc3 Bc6+ 53. Ke3 Kd6 54.
f4 exf4+ 55. Kxf4 g5+ 56. Ke3 Ke5 57. Nb1 Bg2 58. Nd2 c3 59. Nc4+ Kd5 60. Nb6+
Kc6 61. Na4 c2 62. Kd2 Bxh3 63. Nb2 Bxg4 64. Nxd3 Kd6 65. Ke3 Bf5 66. Nc1 h5 67.
Kf3 h4 68. Nb3 Ke5 69. Nc1 g4+ 70. Ke3 g3 71. Kf3 Be4+ 72. Ke2 h3 73. Ke1 h2 74.
Kf1 h1=Q+ 75. Ke2 Qf3+ 76. Kd2 g2 77. Ne2 Qd3+ 78. Kc1 g1=Q+ 79. Nxg1 Qe3+ 80.
Kb2 c1=Q+ 81. Ka2 Qea3# 0-1

[Event "Airthings Masters - Torneo Preliminare"]
[Site "Internet"]
[Date "03.02.2023"]
[Round "1"]
[White "Bortnyk, Olexandr"]
[Black "Iniyan, P"]
[Result "1/2-1/2"]
[WhiteTitle ""]
[BlackTitle ""]
[WhiteElo "2605"]
[BlackElo "2514"]
[WhiteFideId "14120828"]
[BlackFideId "25002767"]
[EventDate "2023.02.03"]

1. d4 Nf6 2. Nc3 d5 3. Bf4 e6 4. Nb5 Na6 5. e3 Be7 6. h3 O-O 7. Nf3 Bd7 8. Ne5
Be8 9. a3 c5 10. Nc3 Qb6 11. Rb1 Rc8 12. Be2 Qd8 13. O-O c4 14. Bf3 b5 15. e4
Nc7 16. Re1 b4 17. axb4 Bxb4 18. Bg5 h6 19. Bxf6 gxf6 20. Ng4 Bxc3 21. bxc3 dxe4
22. Bxe4 f5 23. Bxf5 Kg7 24. Qd2 Rh8 25. Ne3 exf5 26. Nxf5+ Kf8 27. Ne7 Nd5 28.
Nxc8 Qxc8 29. Re5 Bc6 30. Rbe1 Qd8 31. Qe2 Rg8 32. g3 Nf4 33. Qxc4 Nxh3+ 34. Kh2
Bd7 35. Qd5 Qf6 36. f4 Qg6 37. R1e3 Qxc2+ 38. Re2 Qg6 39. R2e3 Bg4 40. f5 Qb6
41. Qc5+ Qxc5 42. dxc5 Kg7 43. c6 Rc8 44. Rc5 Ng5 45. Kg2 Kf6 46. Re1 Bf3+ 47.
Kh2 Bxc6 48. Ra1 Bd7 49. Rxc8 Bxc8 50. g4 a6 51. Ra4 Nf3+ 52. Kg3 Ne5 53. Kh4
Nc6 54. Kh5 a5 55. Kxh6 Ba6 56. c4 Bc8 57. Ra1 Ne5 58. g5+ Kxf5 59. Rxa5 Be6 60.
c5 Ke4 61. Ra6 Kd5 62. Ra5 Nc6 63. Ra1 Bf5 64. Rc1 Bg6 65. Kg7 Nd4 66. Kf6 Kc6
67. Ra1 Ne2 68. Ra7 Kxc5 69. Rxf7 Bxf7 70. Kxf7 Nf4 71. Kf6 Kd4 72. Kf5 Ke3 73.
g6 Nxg6 1/2-1/2

[Event "Airthings Masters - Torneo Preliminare"]
[Site "Internet"]
[Date "03.02.2023"]
[Round "1"]
[White "Fedoseev, Vladimir3"]
[Black "Demidov, Mikhail"]
[Result "0-1"]
[WhiteTitle ""]
[BlackTitle ""]
[WhiteElo "2674"]
[BlackElo "2575"]
[WhiteFideId "24130737"]
[BlackFideId "4197143"]
[EventDate "2023.02.03"]

1. d4 d5 2. c4 c6 3. Nf3 Nf6 4. Nc3 dxc4 5. a4 Bf5 6. Ne5 Nbd7 7. Nxc4 Qc7 8. g3
e5 9. dxe5 Nxe5 10. Bf4 Nfd7 11. Qc1 f6 12. Bg2 g5 13. Nxe5 Nxe5 14. Be3 Bd6 15.
h4 g4 16. O-O O-O 17. a5 a6 18. Rd1 Qe7 19. Na4 Rad8 20. Qc3 Bb4 21. Bc5 Bxc5
22. Nxc5 Bc8 23. Re1 Kg7 24. f4 gxf3 25. exf3 Qd6 26. Re4 Qd2 27. f4 Ng4 28.
Qxd2 Rxd2 29. b4 h5 30. Bf3 Rf7 31. Rae1 Rb2 32. R1e2 Rb1+ 33. Kg2 Bf5 34. Rd4
Kg6 35. Ne4 Re7 36. Nd6 Rxe2+ 37. Bxe2 Rb2 38. Kf1 Ne3+ 39. Kf2 Nd5 40. Nxf5
Kxf5 41. Kf3 Kg6 42. Bd3+ f5 43. Bc4 Rxb4 44. Ke2 Ra4 45. Kd3 Rxa5 46. Bb3 Rb5
47. Kc2 Rb4 48. Rd3 Rb5 49. Rd2 Rc5+ 50. Kb2 a5 51. Re2 Kf6 52. Re5 b5 53. Bc2
Kg7 54. Bxf5 a4 55. Be4 b4 56. Rg5+ Kf6 57. Rf5+ Ke6 58. Re5+ Kd6 59. Bxd5 Rxd5
60. Re4 c5 61. Kc2 a3 62. Re8 Rd4 63. Rh8 Rc4+ 64. Kb3 Rc3+ 65. Ka2 Rc2+ 66. Kb3
Rb2+ 67. Kc4 Rc2+ 68. Kb3 Rc3+ 69. Ka2 Rxg3 70. Rxh5 c4 71. Rb5 Rg2+ 72. Kb1 b3
73. Kc1 a2 0-1

[Event "Airthings Masters - Torneo Preliminare"]
[Site "Internet"]
[Date "03.02.2023"]
[Round "1"]
[White "Shimanov, Aleksandr"]
[Black "Safarli, Eltaj"]
[Result "1/2-1/2"]
[WhiteTitle ""]
[BlackTitle ""]
[WhiteElo "2581"]
[BlackElo "2608"]
[WhiteFideId "4198603"]
[BlackFideId "13402129"]
[EventDate "2023.02.03"]

1. e4 c5 2. d4 cxd4 3. Qxd4 Nc6 4. Qd3 g6 5. Nc3 Bg7 6. Nf3 Nf6 7. Be2 O-O 8.
O-O d6 9. Nd5 Bg4 10. c3 Nd7 11. Bg5 h6 12. Bh4 Nc5 13. Qc2 g5 14. Bg3 Bh5 15.
Rae1 Bg6 16. Nd2 e6 17. Ne3 d5 18. Bf3 Rc8 19. Rd1 b5 20. Qb1 Qb6 21. Bd6 Rfd8
22. Bxc5 Qxc5 23. a3 a5 24. Rfe1 d4 25. Nb3 Qb6 26. Nxd4 Nxd4 27. cxd4 Rxd4 28.
b3 Rxd1 29. Rxd1 Rd8 30. Rxd8+ Qxd8 31. a4 bxa4 32. bxa4 Qd4 33. Qc2 Qa1+ 34.
Qd1 Qxd1+ 35. Nxd1 Bd4 36. Kf1 f6 37. Ne3 Bxe3 38. fxe3 Be8 39. Bd1 Kf8 40. Ke2
Ke7 41. Kd3 Kd6 42. Kd4 Bc6 43. Bc2 Bb7 44. g3 Ba6 45. e5+ fxe5+ 46. Kc3 Kc5 47.
Bb3 Bc8 48. Bc2 Bd7 49. Bb3 Bc6 50. Bc2 Bf3 51. Bb3 Bg4 52. Bc2 Kd5 53. e4+ Kc5
54. Bb3 Bf3 55. Bc2 Be2 56. Bb3 Bf3 57. Bc2 Bh5 58. Bb3 Be8 59. h4 gxh4 60. gxh4
Bg6 61. Bc2 Bh5 62. Bb3 Be8 63. Bd1 Bc6 64. Bc2 Bb7 65. Bd3 Ba8 66. Bb1 Bb7 67.
Bd3 Bc6 68. Bc2 Be8 69. Bd1 Bf7 70. Be2 Bg6 71. Bd3 Bh5 72. Bc4 Bd1 73. Bb5 Bf3
74. Bd3 Bg2 75. Bc2 Bh1 76. Bd3 Bf3 77. Bc2 Be2 78. Bb3 Bg4 79. Bc2 Bh5 80. Bb3
Be8 81. Bd1 1/2-1/2

[Event "Airthings Masters - Torneo Preliminare"]
[Site "Internet"]
[Date "03.02.2023"]
[Round "1"]
[White "Gledura, Benjamin"]
[Black "Vidit, Santosh Gujrathi"]
[Result "1/2-1/2"]
[WhiteTitle ""]
[BlackTitle ""]
[WhiteElo "2633"]
[BlackElo "2730"]
[WhiteFideId "712779"]
[BlackFideId "5029465"]
[EventDate "2023.02.03"]

1. Nf3 d5 2. g3 g6 3. Bg2 Bg7 4. d4 Nf6 5. O-O O-O 6. c3 c6 7. a4 a5 8. Nbd2 Re8
9. Re1 Bf5 10. Nh4 Bg4 11. h3 Be6 12. Nhf3 h6 13. Ne5 Nbd7 14. Nd3 Bf5 15. g4
Bxd3 16. exd3 e5 17. dxe5 Nxe5 18. Nb3 Ned7 19. Be3 Qc7 20. Qd2 Kh7 21. Re2 Re7
22. Rae1 Rae8 23. Bd4 Rxe2 24. Rxe2 Rxe2 25. Qxe2 Bf8 26. Qf3 Bg7 27. Be3 Bf8
28. Bd4 Be7 29. h4 Kg8 30. Bh3 Nh7 31. Qg3 Qd8 32. h5 Ng5 33. hxg6 fxg6 34. Bg2
Ne6 35. Qe3 Nxd4 36. Nxd4 Bg5 37. f4 Qe7 38. Qxe7 Bxe7 39. Ne6 Kf7 40. f5 Ne5
41. Nf4 gxf5 42. gxf5 Bg5 43. d4 Nc4 44. Nd3 Kf6 45. Bh3 Bh4 46. Kg2 Ne3+ 47.
Kf3 Nxf5 48. Nc5 Nd6 49. Nd7+ Ke7 50. Ne5 Bg5 51. Nd3 Nc4 52. Bc8 b6 53. Bf5 Kd6
54. Ke2 c5 55. b3 Ne3 56. dxc5+ bxc5 57. Bg6 c4 58. bxc4 Nxc4 59. Be8 Bf6 60.
Nf4 Bxc3 61. Bf7 Nb6 62. Be8 Be5 63. Nd3 Bf6 64. Kf3 Nc4 65. Kf4 Bg5+ 66. Kf5
Ne3+ 67. Kg6 d4 68. Bb5 Kd5 69. Kh5 Ke4 70. Nc5+ Kd5 71. Nb7 Nc4 72. Bxc4+ Kxc4
73. Nxa5+ Kc3 74. Nb7 Kb4 75. Nd6 d3 76. Ne4 Ka5 77. Kg4 Be7 78. Kf3 Kxa4 79.
Ke3 Kb3 80. Kxd3 h5 81. Ke2 h4 82. Kf3 Kc4 83. Nf2 Kd5 84. Nh3 Ke6 85. Kg2 Kf5
86. Ng1 Bf6 87. Nf3 Kg4 88. Nxh4 1/2-1/2

[Event "Airthings Masters - Torneo Preliminare"]
[Site "Internet"]
[Date "03.02.2023"]
[Round "1"]
[White "Deviatkin, Andrei"]
[Black "Robson, Ray"]
[Result "0-1"]
[WhiteTitle ""]
[BlackTitle ""]
[WhiteElo "2442"]
[BlackElo "2702"]
[WhiteFideId "4121260"]
[BlackFideId "2023970"]
[EventDate "2023.02.03"]

1. d4 Nf6 2. Nf3 d5 3. c4 e6 4. e3 b6 5. b3 Bb7 6. Bb2 Nbd7 7. Nbd2 Bd6 8. Bd3
O-O 9. O-O Ne4 10. Qe2 a6 11. Rac1 Qe7 12. Rfd1 Rfd8 13. Ne5 Nxd2 14. Rxd2 c5
15. cxd5 exd5 16. Nxd7 Rxd7 17. dxc5 bxc5 18. Qg4 g6 19. Bf6 Qe6 20. Qh4 Rc7 21.
Be2 Be5 22. Bxe5 Qxe5 23. Bf3 Rac8 24. Qg3 Qxg3 25. hxg3 c4 26. Rc3 cxb3 27.
Rxb3 Rc1+ 28. Kh2 Bc6 29. g4 Kg7 30. Kg3 Rc5 31. Rbd3 Rd8 32. Rd4 Rd7 33. g5 h6
34. gxh6+ Kxh6 35. Kf4 Kg7 36. g4 Kf6 37. g5+ Ke7 38. a3 a5 39. Rd1 Rc3 40. R1d3
Rc2 41. Kg3 Rc5 42. Rh4 Bb5 43. Rdd4 Bc4 44. Rh7 Kf8 45. Rh8+ Ke7 46. Rf4 d4 47.
Bg4 Be6 48. Bxe6 Kxe6 49. Re4+ Kf5 50. Rxd4 Rxd4 51. exd4 Rc3+ 52. f3 Kxg5 53.
Re8 Rxa3 54. d5 Kf6 55. d6 Rd3 56. Ra8 Rd5 57. d7 Rxd7 58. Rxa5 Rd4 59. Rb5 Kg7
60. Ra5 Rc4 61. Rb5 Kh6 62. Ra5 g5 63. Rb5 Kg6 64. Ra5 Rc3 65. Ra8 f6 66. Rb8
Ra3 67. Rc8 Ra4 68. Rb8 Ra5 69. Rc8 Kf5 70. Rb8 Rc5 71. Ra8 Ke5 72. Re8+ Kf5 73.
Ra8 Rc1 74. Ra5+ Kg6 75. Ra8 Rd1 76. Rb8 Rd2 77. Ra8 Rb2 78. Rc8 f5 79. Rg8+ Kh6
80. Rh8+ Kg7 81. Ra8 Rb3 82. Kg2 f4 83. Ra6 Kf7 84. Rc6 Ra3 85. Rb6 Re3 86. Ra6
Re6 87. Ra5 Kg6 88. Rb5 Re2+ 89. Kh3 Rf2 90. Rb3 Kh5 91. Ra3 Re2 92. Rb3 Re3 93.
Rxe3 fxe3 94. Kg3 Kg6 95. Kg2 Kf5 96. Kf1 Ke5 97. Ke1 Kd5 98. Kf1 Kc4 0-1

[Event "Airthings Masters - Torneo Preliminare"]
[Site "Internet"]
[Date "03.02.2023"]
[Round "1"]
[White "Tabatabaei, M. Amin"]
[Black "Hammer, Jon Ludvig"]
[Result "1/2-1/2"]
[WhiteTitle ""]
[BlackTitle ""]
[WhiteElo "2677"]
[BlackElo "2631"]
[WhiteFideId "12521213"]
[BlackFideId "1503707"]
[EventDate "2023.02.03"]

1. d4 Nf6 2. Nf3 d5 3. c3 e6 4. Bf4 Bd6 5. e3 Bxf4 6. exf4 O-O 7. Nbd2 b6 8. h4
c5 9. h5 Ba6 10. Bxa6 Nxa6 11. h6 g6 12. Qe2 c4 13. Ne5 Nc7 14. g4 Nce8 15. g5
Nd7 16. Ndf3 Nxe5 17. fxe5 b5 18. Qd2 a5 19. Ke2 Rb8 20. a3 Qe7 21. Nh2 Nc7 22.
Ng4 Rb7 23. Kf3 Rfb8 24. Kg3 Ne8 25. Kh4 a4 26. Rh3 Qd8 27. Rf3 Rc7 28. Re1 Rbb7
29. Rf4 Ra7 30. Re3 Rab7 31. Ref3 Ra7 32. Rg3 Rcb7 33. Ne3 Rd7 34. Rgf3 Rdb7 35.
Nc2 Rd7 36. Nb4 Rdc7 37. Qe1 Rab7 38. Na6 Rc6 39. Nb4 Rcb6 40. Qg1 Re7 41. Qg4
Ra7 42. Nc2 Rd7 43. Ne3 Ra7 44. Qh3 Rab7 45. Ng4 Ra7 46. Nh2 Rab7 47. Qg4 Ra7
48. Nf1 Rab7 49. Kh3 Ra7 50. Ne3 Rab7 51. Nc2 Ra7 52. Rg3 Rab7 53. Ne1 Ra7 54.
Rgf3 Rab7 55. Qg3 Ra7 56. Ng2 Rc7 57. Ne3 Ra7 58. Qh4 Rbb7 59. Qg4 Rb6 60. Rg3
Rd7 61. Rg1 Ra7 62. Rf3 Rab7 63. Rfg3 Ra7 64. f4 Rd7 65. Qf3 Nc7 66. Ng4 Ne8 67.
Kh2 Kh8 68. R1g2 Ra6 69. Qe3 Rb6 70. Qd2 Ra6 71. Ne3 Nc7 72. Rf2 Rb6 73. Qc2 Ra6
74. Kh3 Rb6 75. Kh4 Ra6 76. Ng4 Ne8 77. Nf6 Nxf6 78. exf6 Qc7 79. Re3 Ra8 80.
Re5 Rg8 81. Rfe2 Rdd8 82. R2e3 Rgf8 83. Qe2 Qd7 84. Kg3 Kg8 85. Qe1 Rc8 86. Kf3
Rc6 87. Qh4 Kh8 88. Qh3 Rg8 89. Kf2 Rb6 90. Qf3 Rc6 91. Kg3 Rb6 92. Kh4 Ra6 93.
Re1 Rb6 94. R5e2 Ra6 95. Qe3 Rb6 96. Qg3 Ra6 97. Rf2 Rb6 98. Re5 Ra6 99. Ree2
Rb6 100. Qe3 Ra6 101. Qe5 Qd6 102. Qe3 Qd7 103. Kg3 Rc6 104. Qe5 Qd6 105. Qe3
Qd7 106. Qd2 Rb6 107. Re5 Ra6 108. Kf3 Rb6 109. Ke2 Ra6 110. Qc2 Rb6 111. Ke1
Ra6 112. Rfe2 Rb6 113. Qd2 Ra6 114. Rg2 Rb6 115. Qf2 Ra6 116. Qh4 Rb6 117. Kf1
Ra6 118. Rge2 Rb6 119. Qg4 Ra6 120. R5e3 Rb6 121. Rg3 Rc6 122. Qf3 Rb6 123. Qe3
Ra6 124. Qe5 Qd6 125. Qxd6 Rxd6 126. Re5 Rgd8 127. Kf2 Kg8 128. Rge3 Kf8 129.
Kf3 Rc8 130. Re1 Ra8 131. R5e2 Rc8 132. Kg4 Rcd8 133. Kh4 Rc8 134. f5 gxf5 135.
g6 fxg6 136. Rxe6 Rxe6 137. Rxe6 Re8 138. Rb6 Re4+ 139. Kg3 Kf7 140. Rxb5 Kxf6
141. Rxd5 Re2 142. Rd7 Rxb2 143. Rxh7 Rb3 144. Ra7 Rxc3+ 145. Kg2 Rb3 146. h7
Rb8 147. Rxa4 Rh8 148. Rxc4 Rxh7 149. a4 Ra7 150. Kf3 Ra5 151. Rb4 g5 152. Rb6+
Ke7 153. Rb5 Rxb5 154. axb5 Kd6 155. Kg3 Kd5 156. Kf3 g4+ 157. Kf4 Kd6 158. Kg3
Kd5 159. Kf4 Kd6 160. Kg3 Kd5 161. Kf4 1/2-1/2

[Event "Airthings Masters - Torneo Preliminare"]
[Site "Internet"]
[Date "03.02.2023"]
[Round "2"]
[White "Pichot, Alan"]
[Black "Grischuk, Alexander"]
[Result "1/2-1/2"]
[WhiteTitle ""]
[BlackTitle ""]
[WhiteElo "2638"]
[BlackElo "2745"]
[WhiteFideId "110973"]
[BlackFideId "4126025"]
[EventDate "2023.02.03"]

1. e4 c5 2. Nf3 Nc6 3. d4 cxd4 4. Nxd4 Nf6 5. Nc3 e5 6. Ndb5 d6 7. Bg5 a6 8. Na3
b5 9. Nd5 Be7 10. Bxf6 Bxf6 11. c3 Rb8 12. Nc2 Bg5 13. a4 bxa4 14. Ncb4 Nxb4 15.
cxb4 O-O 16. Rxa4 a5 17. b5 Bd7 18. Nc3 d5 19. Nxd5 Be7 20. Be2 Bxb5 21. Bxb5
Rxb5 22. O-O Bc5 23. Qe2 Qb8 24. b3 Kh8 25. g3 1/2-1/2

[Event "Airthings Masters - Torneo Preliminare"]
[Site "Internet"]
[Date "03.02.2023"]
[Round "2"]
[White "Narayanan, Srinath"]
[Black "Cardoso Cardoso, Jose Gabriel"]
[Result "1/2-1/2"]
[WhiteTitle ""]
[BlackTitle ""]
[WhiteElo "2559"]
[BlackElo "2498"]
[WhiteFideId "5018420"]
[BlackFideId "4430492"]
[EventDate "2023.02.03"]

1. Nf3 d5 2. d4 Nf6 3. Bf4 c5 4. e3 Nc6 5. Nbd2 Bg4 6. h3 Bxf3 7. Nxf3 e6 8. Be2
Bd6 9. Bxd6 Qxd6 10. O-O O-O 11. Qc1 Rac8 12. c4 dxc4 13. dxc5 Qxc5 14. Qxc4
Qxc4 15. Bxc4 Nd4 16. Nxd4 Rxc4 17. Rfd1 a6 1/2-1/2

[Event "Airthings Masters - Torneo Preliminare"]
[Site "Internet"]
[Date "03.02.2023"]
[Round "2"]
[White "Praggnanandhaa, R"]
[Black "Guseinov, Gadir"]
[Result "1/2-1/2"]
[WhiteTitle ""]
[BlackTitle ""]
[WhiteElo "2690"]
[BlackElo "2661"]
[WhiteFideId "25059530"]
[BlackFideId "13401378"]
[EventDate "2023.02.03"]

1. e4 c5 2. Nf3 g6 3. c3 d5 4. e5 Nc6 5. d4 cxd4 6. cxd4 Bg4 7. Bb5 Rc8 8. O-O
Nh6 9. Nbd2 Qb6 10. Ba4 Bg7 11. h3 Bxf3 12. Nxf3 O-O 13. Re1 Nf5 14. Bxc6 Qxc6
15. Re2 f6 16. Bf4 g5 17. Bd2 h5 18. exf6 exf6 19. Bb4 Rfe8 20. Rxe8+ Qxe8 1/2-1/2

[Event "Airthings Masters - Torneo Preliminare"]
[Site "Internet"]
[Date "03.02.2023"]
[Round "2"]
[White "Fier, Alexandr"]
[Black "Ivanchuk, Vasyl"]
[Result "1-0"]
[WhiteTitle ""]
[BlackTitle ""]
[WhiteElo "2606"]
[BlackElo "2664"]
[WhiteFideId "2107139"]
[BlackFideId "14100010"]
[EventDate "2023.02.03"]

1. e4 e5 2. Nf3 Nc6 3. Bc4 Nf6 4. d3 Be7 5. O-O O-O 6. a4 d6 7. Nc3 h6 8. h3 Re8
9. a5 a6 10. Nd5 Bf8 11. c3 Nxd5 12. Bxd5 Be6 13. Bxe6 Rxe6 14. b4 d5 15. Rb1
dxe4 16. dxe4 Qxd1 17. Rxd1 Rd6 18. Rxd6 Bxd6 19. Nd2 f6 20. Nc4 Kf7 21. Be3 Ke6
22. f3 Be7 23. Kf2 Nd8 24. Ke2 Nf7 25. g4 Nd6 26. Nd2 Rh8 27. Nb3 Nb5 28. Rc1 h5
29. c4 Nd6 30. Nc5+ Kf7 31. Kf1 hxg4 32. hxg4 Ra8 33. Ke2 Bf8 34. Kd3 Be7 35.
Rh1 Rd8 36. Kc3 Ra8 37. Kb3 b6 38. axb6 cxb6 39. Nd7 b5 40. c5 Nc4 41. Nb6 Nxb6
42. cxb6 Ke6 43. Rc1 Bd6 44. Bc5 Rb8 45. Rd1 Be7 46. Ra1 1-0

[Event "Airthings Masters - Torneo Preliminare"]
[Site "Internet"]
[Date "03.02.2023"]
[Round "2"]
[White "Caruana, Fabiano"]
[Black "Kovalenko, Igor"]
[Result "1-0"]
[WhiteTitle ""]
[BlackTitle ""]
[WhiteElo "2766"]
[BlackElo "2674"]
[WhiteFideId "2020009"]
[BlackFideId "14117908"]
[EventDate "2023.02.03"]

1. e4 e6 2. d4 d5 3. Nc3 Bb4 4. e5 c5 5. a3 Bxc3+ 6. bxc3 Qa5 7. Bd2 Qa4 8. Qg4
g6 9. Qd1 Nc6 10. Nf3 c4 11. h4 h6 12. Nh2 Bd7 13. Ng4 O-O-O 14. Be2 Rf8 15. O-O
Qa5 16. g3 Qd8 17. Qc1 h5 18. Nh2 f6 19. exf6 Nxf6 20. Nf3 Ne4 21. Ng5 Nd6 22.
a4 Qa5 23. Bf3 Nf5 24. Re1 Rf6 25. Bg2 Re8 26. Rb1 Qxa4 27. Qb2 Qa6 28. Ra1 Na5
29. Bf4 b6 30. Reb1 Bc6 31. Qc1 Re7 32. Qe1 Nxh4 33. Qe5 Rxf4 34. Qxf4 Nxg2 35.
Qd6 Qb7 36. Rxa5 1-0

[Event "Airthings Masters - Torneo Preliminare"]
[Site "Internet"]
[Date "03.02.2023"]
[Round "2"]
[White "Le, Quang Liem"]
[Black "Perez Ponsa, Federico"]
[Result "1-0"]
[WhiteTitle ""]
[BlackTitle ""]
[WhiteElo "2728"]
[BlackElo "2532"]
[WhiteFideId "12401137"]
[BlackFideId "117927"]
[EventDate "2023.02.03"]

1. d4 Nf6 2. Nf3 g6 3. Nc3 d5 4. Bf4 Bg7 5. Nb5 Na6 6. h3 O-O 7. e3 Ne4 8. Nd2
Nxd2 9. Qxd2 c6 10. Nc3 b6 11. h4 h5 12. O-O-O Nc7 13. Be2 Re8 14. e4 b5 15. Bf3
b4 16. Na4 dxe4 17. Bxe4 Nd5 18. Bh6 Qa5 19. Bxg7 Kxg7 20. b3 Ba6 21. Kb2 Bb5
22. Bxd5 cxd5 23. Nc5 Qa3+ 24. Kb1 a5 25. Rh3 Kh7 26. Re1 Rac8 27. Qf4 Kg8 28.
Rf3 f6 29. Qh6 1-0

[Event "Airthings Masters - Torneo Preliminare"]
[Site "Internet"]
[Date "03.02.2023"]
[Round "2"]
[White "Ponkratov, Pavel"]
[Black "Pap, Gyula"]
[Result "1-0"]
[WhiteTitle ""]
[BlackTitle ""]
[WhiteElo "2577"]
[BlackElo "2429"]
[WhiteFideId "4157800"]
[BlackFideId "725323"]
[EventDate "2023.02.03"]

1. e4 c6 2. d4 d5 3. e5 Bf5 4. Nd2 e6 5. Nb3 Nd7 6. Nf3 Bg6 7. a4 Nh6 8. Be2 Nf5
9. h4 h5 10. g3 Rc8 11. c3 c5 12. dxc5 Bxc5 13. Nxc5 Nxc5 14. O-O a6 15. a5 Ne7
16. Be3 Nd7 17. Qb3 Qc7 18. Nd4 Nf5 19. Bf4 Ne7 20. Rfc1 Nc6 21. Nxc6 Qxc6 22.
c4 Nc5 23. Qd1 O-O 24. b4 Ne4 25. f3 f5 26. cxd5 1-0